000
00225nam a22000857a 4500
008
170605b xxu||||| |||| 00| 0 eng d
100
_9
3273
_a
Sharma G. P
245
_a
Famous Jungle Stories
260
_a
Delhi
_b
Manoj Publication
_c
2005
999
_c
6588
_d
6588